<?xml version="1.0" encoding="UTF-8"?>
<record
    xmlns:xsi="http://www.w3.org/2001/XMLSchema-instance"
    xsi:schemaLocation="http://www.loc.gov/MARC21/slim http://www.loc.gov/standards/marcxml/schema/MARC21slim.xsd"
    xmlns="http://www.loc.gov/MARC21/slim">

  <leader>00759nam a22002177a 4500</leader>
  <datafield tag="999" ind1=" " ind2=" ">
    <subfield code="c">169540</subfield>
    <subfield code="d">169540</subfield>
  </datafield>
  <controlfield tag="005">20191122145710.0</controlfield>
  <datafield tag="010" ind1=" " ind2=" ">
    <subfield code="a">ENG-126989</subfield>
  </datafield>
  <datafield tag="020" ind1=" " ind2=" ">
    <subfield code="a">9789388881128</subfield>
    <subfield code="c">1350.00</subfield>
  </datafield>
  <datafield tag="035" ind1=" " ind2=" ">
    <subfield code="a">EN-110521</subfield>
  </datafield>
  <datafield tag="037" ind1=" " ind2=" ">
    <subfield code="b">DBAD/PUB</subfield>
  </datafield>
  <datafield tag="082" ind1=" " ind2=" ">
    <subfield code="a">338.954</subfield>
  </datafield>
  <datafield tag="245" ind1=" " ind2=" ">
    <subfield code="a">25 years of economic reforms &amp; north east india /</subfield>
    <subfield code="c">ed.by Bibhas Dhar, Sutapa sengupta and Siddheswar Sarma</subfield>
  </datafield>
  <datafield tag="260" ind1=" " ind2=" ">
    <subfield code="a">Guwahati</subfield>
    <subfield code="c">2019</subfield>
    <subfield code="b">EBH publishers</subfield>
  </datafield>
  <datafield tag="270" ind1=" " ind2=" ">
    <subfield code="b">Guwahati</subfield>
    <subfield code="a">136, M.L. Nehru Road, Panbazar Guwahati, Assam</subfield>
    <subfield code="e">781001</subfield>
    <subfield code="k">913612513876</subfield>
    <subfield code="m">easternbookshouse@gmail.com</subfield>
  </datafield>
  <datafield tag="300" ind1=" " ind2=" ">
    <subfield code="a">xx; 289p.</subfield>
    <subfield code="c">24cm(Hb)</subfield>
  </datafield>
  <datafield tag="500" ind1=" " ind2=" ">
    <subfield code="a">Includes references and index</subfield>
  </datafield>
  <datafield tag="700" ind1=" " ind2=" ">
    <subfield code="a">Dhar, Bibhash</subfield>
  </datafield>
  <datafield tag="700" ind1=" " ind2=" ">
    <subfield code="a">Sengupta, Sutapa</subfield>
  </datafield>
  <datafield tag="700" ind1=" " ind2=" ">
    <subfield code="a">Sarma, siddheswar</subfield>
  </datafield>
  <datafield tag="942" ind1=" " ind2=" ">
    <subfield code="2">ddc</subfield>
    <subfield code="c">EN</subfield>
    <subfield code="h">338.954</subfield>
    <subfield code="m">YEA</subfield>
  </datafield>
  <datafield tag="952" ind1=" " ind2=" ">
    <subfield code="0">0</subfield>
    <subfield code="1">0</subfield>
    <subfield code="4">0</subfield>
    <subfield code="7">0</subfield>
    <subfield code="8">NFIC</subfield>
    <subfield code="a">L</subfield>
    <subfield code="b">L</subfield>
    <subfield code="d">2019-11-22</subfield>
    <subfield code="e">DBAD/PUB</subfield>
    <subfield code="g">1350.00</subfield>
    <subfield code="l">0</subfield>
    <subfield code="o">338.954 YEA</subfield>
    <subfield code="p">EN-110521</subfield>
    <subfield code="r">2019-11-22 00:00:00</subfield>
    <subfield code="t">1</subfield>
    <subfield code="v">1350.00</subfield>
    <subfield code="y">EN</subfield>
  </datafield>
</record>
